2024 GOP Presidential Primary Candidates - Statistics

General Stats
  • This quiz has been taken 59 times
  • The average score is 10 of 14
Answer Stats
Picture Answer % Correct
Donald Trump
98%
Mike Pence
96%
Nikki Haley
92%
Ron DeSantis
92%
Vivek Ramaswamy
90%
Tim Scott
84%
Chris Christie
82%
Doug Burgum
69%
Asa Hutchinson
67%
Larry Elder
53%
Will Hurd
41%
Francis Suarez
39%
Perry Johnson
33%
Ryan Binkley
33%
No matching quizzes found
Score Distribution
Percent of People with Each Score
Percentile by Number Answered
Your Score History
You have not taken this quiz